Celina o los gatos / (Record no. 192110)

MARC details
000 -LEADER
campo de control de longitud fija 00956nam a2200277 i 4500
001 - NÚMERO DE CONTROL
campo de control 192110
003 - IDENTIFICADOR DE NÚMERO DE CONTROL
campo de control ES-MaACL
005 - FECHA Y HORA DE LA ÚLTIMA TRANSACCIÓN
campo de control 20240127063016.0
008 - DATOS DE LONGITUD FIJA--INFORMACIÓN GENERAL
campo de control de longitud fija 221104s1968 mx 000 0 spa
040 ## - FUENTE DE CATALOGACIÓN
Centro/agencia transcriptor ES-MaACL
080 ## - NÚMERO DE LA CLASIFICACIÓN DECIMAL UNIVERSAL
Número de la Clasificación Decimal Universal 821.134.2(72)-32"19"
100 1# - ENTRADA PRINCIPAL--NOMBRE DE PERSONA
Nombre de persona Campos, Julieta,
Fechas asociadas al nombre 1932-2007
Término indicativo de función/relación Autor
9 (RLIN) 234944
245 10 - MENCIÓN DEL TÍTULO
Título Celina o los gatos /
Mención de responsabilidad, etc. por Julieta Campos.
250 ## - MENCION DE EDICION
Mención de edición Primera edición, 1968
260 ## - PUBLICACIÓN, DISTRIBUCIÓN, ETC.
Lugar de publicación, distribución, etc. México, D.F. :
Nombre del editor, distribuidor, etc. Siglo XXI,
Fecha de publicación, distribución, etc. 1968.
300 ## - DESCRIPCIÓN FÍSICA
Extensión XXVII, 119 páginas ;
Dimensiones 18 cm.
490 1# - MENCIÓN DE SERIE
Mención de serie La creación literaria
500 ## - NOTA GENERAL
Nota general Índice
505 ## - NOTA DE CONTENIDO CON FORMATO
Nota de contenido con formato Contiene: De gatos y otros mundos ; Celina o los gatos ; El bautizo ; Todas las rosas ; La casa ; La ciudad
655 #7 - TERMINO DE INDIZACIÓN--GENERO/FORMA
9 (RLIN) 226829
Datos o término principal de género/forma Cuentos
830 1# - PUNTO DE ACCESO ADICIONAL DE SERIE-TÍTULO UNIFORME
Título uniforme La creación literaria
9 (RLIN) 179894
852 4# - LOCALIZACIÓN
Ubicación ES-MaACL
Número de control de estantería N-8101
Sublocalización o colección R. 153161
Ubicación en estantería Depósito J
Donativo/Legado Donación: Editorial
itemnumber 199392
942 ## - ELEMENTOS DE ENTRADA SECUNDARIOS (KOHA)
Tipo de ítem Koha Libro impreso
Suprimir en OPAC No
Holdings
Estatus retirado Estado de pérdida Fuente del sistema de clasificación o colocación Estado de daño No para préstamo Biblioteca de origen Biblioteca actual Ubicación en estantería Fecha de adquisición Fuente de adquisición Total de préstamos Signatura topográfica completa Código de barras Visto por última vez Tipo de ítem Koha
    Clasificación decimal universal     Biblioteca del Ateneo de Madrid Biblioteca del Ateneo de Madrid Depósito J 04/11/2022 Donación   N-8101 101206384 23/02/2023 Libro impreso